Marques de voitures françaises - Statistiques

Statistiques générales
  • Ce quiz a été pris 203 fois
  • Le résultat moyen est 7 sur 25
Statistiques - réponses
Années Marque % Correct
Depuis 1898 Renault
99%
Depuis 1890 Peugeot
98%
Depuis 1919 Citroën
90%
Depuis 1955 Alpine
69%
Depuis 1909 Bugatti
67%
Depuis 2014 DS
45%
1934-1979 Simca
31%
1979-1993 Talbot
23%
1964-1984 Matra
21%
1890-1967 Panhard
19%
Depuis 1985 Venturi
18%
Depuis 1969 Ligier
17%
1935-1954 Delahaye
15%
1954-1964 Facel-Vega
14%
Depuis 1905 Delage
12%
Depuis 1980 PGO
10%
1883-1968 De Dion-Bouton
9%
1913-1962 Salmson
4%
Depuis 1996 Secma
4%
1992-2008 Hommell
3%
1919-1946 Voisin
3%
1921-1939 Amilcar
2%
1937-1962 Deutsch-Bonnet
2%
Depuis 2004 Exagon
2%
1966-1974 Chappe et Gessalin
1%
Aucun quiz correspondant
Distribution des résultats
% des personnes avec chaque résultat
Percentile par nombre de réponses
Votre historique - résultats
Vous n’avez pas pris ce quiz